Countries that have ever Won a Summer Olympics Gold Medal - Statistics

General Stats
  • This quiz has been taken 5,946 times
    3,594 since last reset
  • The average score is 75 of 105
Answer Stats
# country % Correct
1061 United States
99%
262 China
96%
438 Germany
95%
226 France
94%
37 Brazil
93%
169 Japan
93%
150 Russia
93%
48 Spain
93%
148 Sweden
93%
164 Australia
92%
71 Canada
92%
13 Mexico
92%
60 Norway
92%
21 Argentina
91%
101 Finland
91%
217 Italy
91%
441 Soviet Union
91%
10 India
90%
5 Portugal
90%
96 South Korea
90%
53 New Zealand
89%
27 South Africa
88%
8 Egypt
87%
35 Greece
87%
26 Jamaica
86%
95 Netherlands
86%
72 Poland
86%
2 Chile
85%
19 Austria
84%
43 Belgium
84%
85 Cuba
84%
35 Kenya
84%
6 Serbia
84%
41 Turkey
84%
48 Denmark
83%
11 Ireland
83%
90 Romania
83%
35 Ukraine
83%
19 Czech Republic
82%
181 Hungary
82%
10 Slovakia
82%
53 Switzerland
82%
24 Iran
81%
5 Colombia
80%
14 Croatia
80%
8 Indonesia
80%
8 Slovenia
79%
3 Pakistan
78%
1 Peru
78%
5 Algeria
77%
54 Bulgaria
77%
4 Latvia
77%
7 Morocco
77%
3 Nigeria
77%
16 North Korea
77%
3 Venezuela
77%
10 Estonia
76%
23 Ethiopia
76%
285 Great Britain
76%
6 Lithuania
76%
10 Thailand
75%
31 Yugoslavia
75%
1 Vietnam
74%
13 Belarus
73%
1 Israel
73%
2 Uruguay
72%
1 Ecuador
69%
1 Panama
67%
1 Philippines
66%
7 Chinese Taipei
65%
3 Trinidad and Tobago
65%
2 Mongolia
64%
3 Dominican Republic
63%
5 Tunisia
63%
2 Fiji
62%
10 Georgia
62%
49 Czechoslovakia
61%
15 Kazakhstan
61%
10 Uzbekistan
61%
2 Armenia
60%
8 Bahamas
60%
1 Costa Rica
59%
1 Luxembourg
59%
1 United Arab Emirates
59%
2 Qatar
58%
1 Syria
58%
7 Azerbaijan
57%
1 Singapore
54%
1 Jordan
53%
1 Tajikistan
52%
4 Uganda
52%
3 Cameroon
45%
3 Kosovo
45%
1 Suriname
43%
2 Bahrain
41%
3 Zimbabwe
40%
1 Côte d'Ivoire
38%
1 Mozambique
36%
1 Grenada
35%
2 Hong Kong
22%
1 Burundi
20%
2 {Serbia} and {Montenegro}
19%
2 Puerto Rico
17%
1 Bermuda
15%
3 Australasia
5%
No matching quizzes found
Score Distribution
Percent of People with Each Score
Percentile by Number Answered
Your Score History
You have not taken this quiz since the last reset